000 00660cam a22002293a 4500
001 4286
003 PGUSA
005 20140828083051.0
008 030701s2003||||xxu|||||s|||||000 | eng d
040 _aPGUSA
_beng
042 _adc
050 4 _aBF
100 1 _aHaddock, Frank C.
_q(Frank Channing),
_d1853-1915
245 1 0 _aMastery of Self for Wealth, Power, Success
_h[electronic resource] /
_cFrank C. Haddock
260 _bProject Gutenberg,
_c2003
506 _aPublic domain in the USA.
516 _aElectronic text
653 _aNew Thought
830 0 _aProject Gutenberg
_v4286
856 4 0 _uhttp://www.gutenberg.org/ebooks/4286
942 _cEB
999 _c233615
_d233615